10 deadliest wars (global) - Statistics

General Stats
  • This quiz has been taken 28 times
  • The average score is 3 of 10
Answer Stats
Year Deaths Answer % Correct
1939–1945 70–85 million World War II
100%
1914–1918 15–22 million World War I
92%
1917–1922 7–13.5 million Russian Civil War
25%
13th Century 20–60 million Mongol Conquests
21%
220–280 ~34 million Three Kingdoms Period
21%
1937–1945 20–25 million Second Sino-Japanese War
17%
1850–1864 20–70 million Taiping Rebellion
17%
1998–2003 ~5.4 million Second Congo War
13%
755–763 3–13 million An Lushan Rebellion
4%
1618–1683 ~25 million Qing Conquest of Ming
0%
No matching quizzes found
Score Distribution
Percent of People with Each Score
Percentile by Number Answered
Your Score History
You have not taken this quiz